000 00551nam a2200181 i 4500
001 bg
100 1 _aLEGOWICZ, Jan
245 0 _aO nauczycielu :
_bfilozofia nauczania i wychowania /
_cJan Legowicz.
260 _aWarszawa,
_c1975.
490 1 _aMonografie i Studia. Biblioteka Nauczyciela Akademickiego
650 9 _aWychowanie
_xfilozofia
650 9 _aNauczanie
_xfilozofia
830 _aMonografie i Studia. Biblioteka Nauczyciela Akademickiego
040 _cBPK
041 _apol
942 _cKS
008 s pl f |000 0 pol
999 _c26830
_d26830
856 _uhttp://koha.tu.koszalin.pl/cgi-bin/koha/opac-detail.pl?biblionumber=26830
_yKatalog online BPK